| 000 | 00674nam a2200229 a 4500 | ||
|---|---|---|---|
| 999 |
_c2366 _d2366 |
||
| 001 | 2366 | ||
| 003 | BD-JhCC | ||
| 005 | 20171101171849.0 | ||
| 008 | 171101s2003 bg a|||| ||a| 000 0 ben d | ||
| 020 | _a9844584388 | ||
| 035 | _a(BD-JhCC)2366 | ||
| 040 |
_aBD-JhCC _dBD-JhCC |
||
| 041 | _aben | ||
| 082 |
_a750.5492 _bKHA 2003 |
||
| 100 | _aখান, হাশেম | ||
| 245 |
_aজয়নুল আবেদিনের সারাজীবন / _cহাশেম খান |
||
| 260 |
_aঢাকা : _bসময় প্রকাশন, _c2003. |
||
| 300 |
_a112 p. : _billu; _c21 cm. |
||
| 650 |
_aPaintain _zBangladesh |
||
| 942 |
_2ddc _cBK |
||